000 00833nam a2200229Ia 4500
003 GCL
008 140319s9999 xx 000 0 ara d
020 _a4294227977
040 _aGCL /
_cGCL
082 0 4 _aق
_b962.1
_bع م
100 1 _aعلى النويشى
245 1 0 _aمحافظة كفر الشيخ /
_cعلى النويشى
260 _aالقاهرة :
_bمركز الدراسات السياسية والاستراتيجية - الأهرام ،
_c2005
300 _a102 ص ؛
_c19سم
490 _aسلسلة المحافظات المصرية
_v0
650 0 4 _aمصر - محافظات
650 0 4 _aكفر الشيخ - تاريخ
650 0 4 _aكفر الشيخ - التنمية البشرية
650 0 4 _aكفر الشيخ، محافظة
650 0 4 _aمصر - التنمية البشرية
942 _2ddc
_cBK
999 _c9244
_d9244